000 00307nam a22001337a 4500
008 170418b xxu||||| |||| 00| 0 eng d
020 _a9780849369759
041 _aeng
080 _a573
100 _a11
101 _aSHM
245 _aENDOTHELINS IN BIOLOGY AND MEDICINE
_cHUGGINS, J.P
942 _2udc
_cBK
999 _c11006
_d11006